Reference and essence /

Bibliographic Details
Main Author: Salmon, Nathan U., 1951-
Format: Book
Language:English
Published: Princeton, N.J. : Princeton University Press, [1981]
Subjects:

MARC

Tag First Indicator Second Indicator Subfields
LEADER 00000pam a2200000 a 4500
001 in00000069757
005 20151008054549.0
008 810527s1981 nju b 00110 eng
010 |a  81008687  
020 |a 0691072647 :  |c $22.50 
020 |a 0691101280 (lim. pbk. ed.) :  |c $9.95 
035 |a (OCoLC)07572886 
035 |9 AAJ1030AM 
039 0 |a 2  |b 3  |c 3  |d 3  |e 3 
040 |a DLC  |c DLC  |d TXA  |d UtOrBLW 
049 |a TXAM  |c [1672352] 
050 0 0 |a B105.R25  |b S24 
082 0 |a 110  |2 19 
100 1 |a Salmon, Nathan U.,  |d 1951- 
245 1 0 |a Reference and essence /  |c Nathan U. Salmon. 
264 1 |a Princeton, N.J. :  |b Princeton University Press,  |c [1981] 
264 4 |c ©1981 
300 |a xvi, 293 pages ;  |c 24 cm. 
336 |a text  |b txt  |2 rdacontent 
337 |a unmediated  |b n  |2 rdamedia 
338 |a volume  |b nc  |2 rdacarrier 
500 |a Based on the author's thesis (Ph.D.)--University of California at Los Angeles, 1979. 
500 |a Includes indexes. 
504 |a Bibliography: pages 265-278. 
600 1 0 |a Putnam, Hilary. 
650 0 |a Reference (Philosophy) 
650 0 |a Essentialism (Philosophy) 
650 0 |a Object (Philosophy) 
999 |a MARS 
999 f f |s 156b3608-2e8e-3ea7-88f6-ae6610f94e3d  |i 8eeed713-d74d-342f-9243-15993cde1e52  |t 0 
952 f f |p ric  |a Texas A&M University  |b Rellis Campus  |c Joint Library Facility  |d Remote Storage  |t 0  |e B105.R25 S24  |h Library of Congress classification  |i unmediated -- volume  |m A14806075953 
998 f f |a B105.R25 S24  |t 0  |l Remote Storage